000 00733pam a2200265 a 4500
999 _c5354
_d5354
001 5354
003 BD-JhCC
005 20171213133106.0
008 850529s1986 maua b 001 0 eng
020 _a0534058140
035 _a(BD-JhCC)5354
040 _aDLC
_cDLC
_dDLC
041 _aeng
050 0 0 _aTL233
_b.G48 1986
082 0 0 _a629.2/5
_219
_bGOE 1986
100 1 _aGoering, Carroll E.
245 1 0 _aEngine and tractor power /
_cCarroll E. Goering.
260 _aBoston, Mass. :
_bBreton Publishers,
_cc1986.
300 _axii, 404 p. :
_bill. ;
_c25 cm.
500 _aIncludes index.
504 _aBibliography: p. 393-394.
650 0 _aFarm tractors
_xMotors.
650 0 _aMotor vehicles
_xMotors.
942 _2ddc
_cBK